000 00887nam a22002777a 4500
001 9803
003 FISKH
005 20260226101038.0
008 260226b cb ||||| |||| 00| 0 eng d
020 _a9780590641746
040 _aFISKH
_beng
_cFISKH
_dFISKH
050 _aQC929.9 .S7 .M37
082 _a551.5784
100 _aMarzollo, Jean
_eAuthor
245 _aI am snow /
_cBy Jean Marzollo ; illustrated by Judith Moffatt
260 _aNew York :
_bScholastic Inc. ,
_c1998
300 _a30 unnumbered pages :
_bcolor illustrations ;
_c23 cm
505 _aJ
520 _aExplains what snow is and what can be done with it. Includes instructions for making a snowflake from paper.
521 8 _a430
_bLexile AD
521 8 _aJ
_bRaz-Plus
650 _aJuvenile literature
_vSnow
700 _aMoffatt, Judith
_eIllustrator
942 _2ddc
_cBK
_n0
999 _c9803
_d9803